000 00626nam a2200193Ia 4500
003 GCL
008 140319s9999 xx 000 0 ara d
040 _aGCL /
_cGCL
082 0 4 _a810.972
_bم ا
100 1 _aمحمد كامل حسين
245 1 0 _aادب مصر الاسلامية : عصر الولاة /
_cمحمد كامل حسين
300 _a282 ص
490 _a
650 0 4 _aالادب العربى - تاريخ
650 0 4 _aالادب العربى - تاريخ ونقد
650 0 4 _aالادب العربى - مصر
650 0 4 _aالادب - تاريخ - العصر الطولونى
942 _2ddc
_cBK
999 _c45763
_d45763